00666nam a2200241 a 4500001001300000003000900013005001700022008004100039020001000080082002300090100001500113245004200128260003300170300000800203500003500211505001000246650002200256700001500278902000800293942000700301952010100308999001500409nice12345678IN_TiNIC20260116011522.0050524s1941 laha grp 000 0 eng  ac10000a323.39710954bPUN1 aPunjabi, A aPakistanb the Critics` Case Examined aLahorebMajlis-I-Kabirc1941 a35p aincludes index and biblioraphy2 aIndex aPakistan-Movement1 aPunjabi, A bSRS cBK 00104070aHMIbHMId2007-04-10g100.00l0o323.39710954 PUN1p970r2007-04-10w2026-01-16yEB c2248d2248